000 00963nam a2200277Ia 4500
003 OSt
005 20221005104501.0
006 a|||||r|||| 00| 0
007 ta
008 221004b |||||||| |||| 00| 0 san d
020 _a9788120832688 (hbk)
_c780
024 _a91909
037 _b710, 17/03/2009, Eastern Book Linkers
_cTextual
040 _aCRL
_cCRL
_bsan
041 _2san
_asan
082 _aR625x8,1,1, 15P7
100 _aभट्ट, अन्न
245 0 _aतर्कसंग्रह
246 _aTarkasangraha
260 _aदिल्ली
_bमोतीलाल बनारसीदास भारत
_c2007
300 _a284पृ0
_ccm.
650 _aधर्म
700 _a कांशी राम, अनु.
942 _hR625x8,1,1, 15P7
_cTEXL
_2cc
999 _c1012842
_d1012842